[Event "T-Director's Swiss sytem"]
[Site "playchess.com #662980"]
[Date "2014.03.16"]
[Round "9"]
[White "Schoutenj"]
[Black "Borjigin"]
[Result "1-0"]
[WhiteElo "1994"]
[BlackElo "1723"]
[PlyCount "129"]
[EventDate "2014.03.16"]
[EventType "swiss (blitz)"]

1. e4 {[%emt 0:00:01]} c5 {[%emt 0:00:01]} 2. Nf3 {[%emt 0:00:01]} e6 {[%emt 0:
00:08]} 3. c3 {[%emt 0:00:02]} d5 {[%emt 0:00:05]} 4. exd5 {[%emt 0:00:01]}
exd5 {[%emt 0:00:00]} 5. d4 {[%emt 0:00:01]} Nf6 {[%emt 0:00:01]} 6. Bb5+ {
[%emt 0:00:02]} Nc6 {[%emt 0:00:01]} 7. O-O {[%emt 0:00:03]} Bd6 {[%emt 0:00:
02]} 8. Re1+ {[%emt 0:00:07]} Be6 {[%emt 0:00:01]} 9. Bg5 {[%emt 0:00:41]} O-O
{[%emt 0:00:05]} 10. Bxc6 {[%emt 0:00:04]} bxc6 {[%emt 0:00:01]} 11. Ne5 {
[%emt 0:00:00]} Rc8 {[%emt 0:00:05]} 12. Qf3 {[%emt 0:00:03]} Be7 {[%emt 0:00:
02]} 13. Nd2 {[%emt 0:00:05]} cxd4 {[%emt 0:00:01]} 14. cxd4 {[%emt 0:00:01]}
c5 {[%emt 0:00:01]} 15. dxc5 {[%emt 0:00:18]} Rxc5 {[%emt 0:00:04]} 16. Rac1 {
[%emt 0:00:01]} Rxc1 {[%emt 0:00:03]} 17. Rxc1 {[%emt 0:00:02]} h6 {[%emt 0:00:
06]} 18. Nc6 {[%emt 0:00:03]} Qd6 {[%emt 0:00:21]} 19. Nxe7+ {[%emt 0:00:05]}
Qxe7 {[%emt 0:00:01]} 20. Bxf6 {[%emt 0:00:02]} gxf6 {[%emt 0:00:01]} 21. Qf4 {
[%emt 0:00:09]} Kh7 {[%emt 0:00:02]} 22. Rc7 {[%emt 0:00:03]} Qd8 {[%emt 0:00:
13]} 23. Rc3 {[%emt 0:00:15]} Rg8 {[%emt 0:00:07]} 24. Rg3 {[%emt 0:00:17]} Rg6
{[%emt 0:00:15]} 25. h3 {[%emt 0:00:21]} Qc8 {[%emt 0:00:12]} 26. Rc3 {[%emt 0:
00:24]} Qb7 {[%emt 0:00:06]} 27. Nf3 {[%emt 0:00:12]} Qxb2 {[%emt 0:00:24]} 28.
Re3 {[%emt 0:00:01]} d4 {[%emt 0:00:14]} 29. Qxd4 {[%emt 0:00:12]} Qb7 {[%emt
0:00:07]} 30. Nh4 {[%emt 0:00:09]} Qb1+ {[%emt 0:00:31]} 31. Kh2 {[%emt 0:00:
05]} Qb8+ {[%emt 0:00:03]} 32. g3 {[%emt 0:00:08]} Rg5 {[%emt 0:00:16]} 33.
Qxf6 {[%emt 0:00:07]} Qb6 {[%emt 0:00:05]} 34. Qf4 {[%emt 0:00:52]} Qb1 {[%emt
0:00:18]} 35. Qe4+ {[%emt 0:00:16]} Qxe4 {[%emt 0:00:04]} 36. Rxe4 {[%emt 0:00:
00]} Ra5 {[%emt 0:00:18]} 37. a4 {[%emt 0:00:21]} Bb3 {[%emt 0:00:03]} 38. Nf3
{[%emt 0:00:31]} Rxa4 {[%emt 0:00:06]} 39. Re3 {[%emt 0:00:01]} Bd5 {[%emt 0:
00:04]} 40. Ne5 {[%emt 0:00:01]} Ra1 {[%emt 0:00:02]} 41. g4 {[%emt 0:00:03]}
a5 {[%emt 0:00:03]} 42. Rd3 {[%emt 0:00:04]} Be6 {[%emt 0:00:05]} 43. f4 {
[%emt 0:00:00]} a4 {[%emt 0:00:03]} 44. f5 {[%emt 0:00:00]} Bb3 {[%emt 0:00:04]
} 45. Nf3 {[%emt 0:00:05]} a3 {[%emt 0:00:05]} 46. Rxb3 {[%emt 0:00:01]} a2 {
[%emt 0:00:01]} 47. Ra3 {[%emt 0:00:01]} Rf1 {[%emt 0:00:03]} 48. Rxa2 {[%emt
0:00:01]} Rxf3 {[%emt 0:00:01]} 49. Kg2 {[%emt 0:00:00]} Rc3 {[%emt 0:00:03]}
50. Rf2 {[%emt 0:00:01]} Kg7 {[%emt 0:00:01]} 51. Rf3 {[%emt 0:00:00]} Rc2+ {
[%emt 0:00:03]} 52. Kg3 {[%emt 0:00:00]} Rc1 {[%emt 0:00:01]} 53. Kh4 {[%emt 0:
00:06]} Rc4 {[%emt 0:00:05]} 54. Ra3 {[%emt 0:00:02]} Rc6 {[%emt 0:00:07]} 55.
Kh5 {[%emt 0:00:01]} Rc5 {[%emt 0:00:03]} 56. h4 {[%emt 0:00:02]} Rc6 {[%emt 0:
00:06]} 57. g5 {[%emt 0:00:03]} Rb6 {[%emt 0:00:10]} 58. Ra7 {[%emt 0:00:06]}
Rc6 {[%emt 0:00:05]} 59. f6+ {[%emt 0:00:02]} Kg8 {[%emt 0:00:02]} 60. Kxh6 {
[%emt 0:00:01]} Rc8 {[%emt 0:00:01]} 61. h5 {[%emt 0:00:01]} Rb8 {[%emt 0:00:
03]} 62. g6 {[%emt 0:00:01]} fxg6 {[%emt 0:00:01]} 63. hxg6 {[%emt 0:00:01]}
Kf8 {[%emt 0:00:05]} 64. g7+ {[%emt 0:00:01]} Kg8 {[%emt 0:00:01]} 65. f7# {
[%emt 0:00:01] (Lag: Av=1.68s, max=7.8s)} 1-0

[Event "T-Director's Swiss sytem"]
[Site "playchess.com #662980"]
[Date "2014.03.16"]
[Round "2"]
[White "Schoutenj"]
[Black "Bustaes"]
[Result "0-1"]
[WhiteElo "2011"]
[BlackElo "2574"]
[PlyCount "132"]
[EventDate "2014.03.16"]
[EventType "swiss (blitz)"]

1. e4 {[%emt 0:00:01]} d5 {[%emt 0:00:02]} 2. exd5 {[%emt 0:00:01]} Qxd5 {
[%emt 0:00:03]} 3. Nc3 {[%emt 0:00:01]} Qa5 {[%emt 0:00:01]} 4. Bc4 {[%emt 0:
00:01]} Nf6 {[%emt 0:00:02]} 5. d3 {[%emt 0:00:01]} c6 {[%emt 0:00:02]} 6. Bf4
{[%emt 0:00:02]} Bg4 {[%emt 0:00:08]} 7. f3 {[%emt 0:00:06]} Bf5 {[%emt 0:00:
01]} 8. Nge2 {[%emt 0:00:02]} e6 {[%emt 0:00:03]} 9. Qd2 {[%emt 0:00:05]} Nbd7
{[%emt 0:00:06]} 10. O-O-O {[%emt 0:00:11]} Nb6 {[%emt 0:00:09]} 11. Bb3 {
[%emt 0:00:12]} Nbd5 {[%emt 0:00:04]} 12. Bxd5 {[%emt 0:00:01]} cxd5 {[%emt 0:
00:06]} 13. Kb1 {[%emt 0:00:08]} Be7 {[%emt 0:00:07]} 14. g4 {[%emt 0:00:08]}
Bg6 {[%emt 0:00:02]} 15. h4 {[%emt 0:00:02]} h5 {[%emt 0:00:02]} 16. g5 {[%emt
0:00:05]} Nd7 {[%emt 0:00:02]} 17. Ne4 {[%emt 0:01:02]} Qxd2 {[%emt 0:00:04]}
18. Nxd2 {[%emt 0:00:01]} Rc8 {[%emt 0:00:10]} 19. Nb3 {[%emt 0:00:03]} O-O {
[%emt 0:00:10]} 20. Rhe1 {[%emt 0:00:11]} a6 {[%emt 0:00:13]} 21. Bg3 {[%emt 0:
01:03]} Rfe8 {[%emt 0:00:05]} 22. Nf4 {[%emt 0:00:03]} Nf8 {[%emt 0:00:11]} 23.
Nxg6 {[%emt 0:00:41]} Nxg6 {[%emt 0:00:02]} 24. Nd4 {[%emt 0:00:11]} Bc5 {
[%emt 0:00:07]} 25. Ne2 {[%emt 0:00:01]} b5 {[%emt 0:00:11]} 26. d4 {[%emt 0:
00:01]} Bb4 {[%emt 0:00:03]} 27. c3 {[%emt 0:00:01]} Bf8 {[%emt 0:00:02]} 28.
Nf4 {[%emt 0:00:05]} Nxf4 {[%emt 0:00:02]} 29. Bxf4 {[%emt 0:00:00]} Kh7 {
[%emt 0:00:04]} 30. Bd2 {[%emt 0:00:18]} Rc6 {[%emt 0:00:03]} 31. Rc1 {[%emt 0:
00:03]} Rec8 {[%emt 0:00:03]} 32. f4 {[%emt 0:00:09]} Kg6 {[%emt 0:00:02]} 33.
Re5 {[%emt 0:00:11]} Bd6 {[%emt 0:00:09]} 34. f5+ {[%emt 0:00:14]} Kh7 {[%emt
0:00:07]} 35. g6+ {[%emt 0:00:06]} Kh8 {[%emt 0:00:03]} 36. Ree1 {[%emt 0:00:
12]} fxg6 {[%emt 0:00:07]} 37. fxg6 {[%emt 0:00:06]} Rf8 {[%emt 0:00:06]} 38.
Rxe6 {[%emt 0:00:01]} Kg8 {[%emt 0:00:12]} 39. Rce1 {[%emt 0:00:02]} Rb6 {
[%emt 0:00:07]} 40. Bg5 {[%emt 0:00:02]} Bc7 {[%emt 0:00:05]} 41. Re8 {[%emt 0:
00:02]} Rxg6 {[%emt 0:00:06]} 42. Rxf8+ {[%emt 0:00:02]} Kxf8 {[%emt 0:00:01]}
43. Rf1+ {[%emt 0:00:01]} Kg8 {[%emt 0:00:04]} 44. Re1 {[%emt 0:00:01]
Schoutenj doet een remise aanbod} Bd6 {[%emt 0:00:13]} 45. Re8+ {[%emt 0:00:02]
} Kf7 {[%emt 0:00:03]} 46. Ra8 {[%emt 0:00:01]} Bg3 {[%emt 0:00:03]} 47. Ra7+ {
[%emt 0:00:01]} Ke6 {[%emt 0:00:04]} 48. Rxa6+ {[%emt 0:00:01]} Kf5 {[%emt 0:
00:01]} 49. Ra5 {[%emt 0:00:03]} Rb6 {[%emt 0:00:06]} 50. a4 {[%emt 0:00:01]}
bxa4 {[%emt 0:00:02]} 51. Rxd5+ {[%emt 0:00:01]} Kg4 {[%emt 0:00:01]} 52. Ra5 {
[%emt 0:00:01]} Bxh4 {[%emt 0:00:03]} 53. Bxh4 {[%emt 0:00:00]} Kxh4 {[%emt 0:
00:01]} 54. Rxa4 {[%emt 0:00:00]} g5 {[%emt 0:00:00]} 55. d5+ {[%emt 0:00:01]}
g4 {[%emt 0:00:01]} 56. c4 {[%emt 0:00:01]} g3 {[%emt 0:00:02]} 57. c5+ {[%emt
0:00:00]} Kg5 {[%emt 0:00:01]} 58. cxb6 {[%emt 0:00:01]} g2 {[%emt 0:00:01]}
59. b7 {[%emt 0:00:04]} g1=Q+ {[%emt 0:00:06]} 60. Ka2 {[%emt 0:00:01]} Qb6 {
[%emt 0:00:05]} 61. b4 {[%emt 0:00:08]} Qxb7 {[%emt 0:00:02]} 62. Ka3 {[%emt 0:
00:08]} h4 {[%emt 0:00:05]} 63. Ra5 {[%emt 0:00:03]} Kg4 {[%emt 0:00:02]} 64.
d6 {[%emt 0:00:00]} h3 {[%emt 0:00:02]} 65. Rc5 {[%emt 0:00:03]} h2 {[%emt 0:
00:02]} 66. Rc7 {[%emt 0:00:01]} Qa6+ {[%emt 0:00:02] Schoutenj geeft op} 0-1

[Event "T-Director's Swiss sytem"]
[Site "playchess.com #662980"]
[Date "2014.03.16"]
[Round "5"]
[White "Schoutenj"]
[Black "LarsvanSchooten"]
[Result "0-1"]
[WhiteElo "2008"]
[BlackElo "1658"]
[PlyCount "32"]
[EventDate "2014.03.16"]
[EventType "swiss (blitz)"]

1. e4 {[%emt 0:00:04]} c5 {[%emt 0:00:01]} 2. Nf3 {[%emt 0:00:05]} Nc6 {[%emt
0:00:01]} 3. Bb5 {[%emt 0:00:02]} Qc7 {[%emt 0:00:01]} 4. O-O {[%emt 0:00:10]}
g6 {[%emt 0:00:01]} 5. c3 {[%emt 0:00:01]} Bg7 {[%emt 0:00:02]} 6. Bxc6 {[%emt
0:00:01]} Qxc6 {[%emt 0:00:01]} 7. Re1 {[%emt 0:00:03]} Nf6 {[%emt 0:00:02]} 8.
e5 {[%emt 0:00:01]} Nd5 {[%emt 0:00:04]} 9. d4 {[%emt 0:00:01]} cxd4 {[%emt 0:
00:01]} 10. cxd4 {[%emt 0:00:01]} O-O {[%emt 0:00:01]} 11. Be3 {[%emt 0:00:15]}
d6 {[%emt 0:00:04]} 12. Qd2 {[%emt 0:00:11]} Bg4 {[%emt 0:00:02]} 13. Rc1 {
[%emt 0:00:19]} Qd7 {[%emt 0:00:14]} 14. exd6 {[%emt 0:00:08]} Bxf3 {[%emt 0:
00:20]} 15. dxe7 {[%emt 0:00:04]} Qg4 {[%emt 0:00:16]} 16. exf8=Q+ {[%emt 0:00:
06]} Rxf8 {[%emt 0:00:03] Schoutenj geeft op} 0-1

[Event "T-Director's Swiss sytem"]
[Site "playchess.com #662980"]
[Date "2014.03.16"]
[Round "3"]
[White "Schoutenj"]
[Black "Utz"]
[Result "1-0"]
[WhiteElo "2010"]
[BlackElo "1676"]
[PlyCount "53"]
[EventDate "2014.03.16"]
[EventType "swiss (blitz)"]

1. e4 {[%emt 0:00:02]} d6 {[%emt 0:00:00]} 2. d4 {[%emt 0:00:01]} Nf6 {[%emt 0:
00:00]} 3. Nc3 {[%emt 0:00:01]} g6 {[%emt 0:00:01]} 4. f3 {[%emt 0:00:01]} Bg7
{[%emt 0:00:00]} 5. Be3 {[%emt 0:00:00]} h5 {[%emt 0:00:03]} 6. Qd2 {[%emt 0:
00:03]} Nbd7 {[%emt 0:00:01]} 7. O-O-O {[%emt 0:00:01]} c6 {[%emt 0:00:01]} 8.
h3 {[%emt 0:00:02]} Qa5 {[%emt 0:00:01]} 9. Kb1 {[%emt 0:00:04]} b5 {[%emt 0:
00:01]} 10. f4 {[%emt 0:00:13]} b4 {[%emt 0:00:04]} 11. Nce2 {[%emt 0:00:01]}
c5 {[%emt 0:00:04]} 12. Nf3 {[%emt 0:00:07]} Nxe4 {[%emt 0:00:01]} 13. Qd3 {
[%emt 0:00:07]} Nef6 {[%emt 0:00:19]} 14. dxc5 {[%emt 0:00:08]} Nxc5 {[%emt 0:
00:02]} 15. Bxc5 {[%emt 0:00:01]} Qxc5 {[%emt 0:00:01]} 16. Ned4 {[%emt 0:00:
05]} O-O {[%emt 0:00:08]} 17. Nb3 {[%emt 0:00:10]} Qb6 {[%emt 0:00:05]} 18.
Nfd4 {[%emt 0:00:10]} Ba6 {[%emt 0:00:11]} 19. Qxa6 {[%emt 0:00:04]} Qxa6 {
[%emt 0:00:01]} 20. Bxa6 {[%emt 0:00:00]} e5 {[%emt 0:00:04]} 21. fxe5 {[%emt
0:00:01]} dxe5 {[%emt 0:00:01]} 22. Nc6 {[%emt 0:00:00]} Ne4 {[%emt 0:00:13]}
23. Rd7 {[%emt 0:00:21]} Nf2 {[%emt 0:00:21]} 24. Rf1 {[%emt 0:00:09]} Ne4 {
[%emt 0:00:03]} 25. Bc4 {[%emt 0:00:09]} Nf6 {[%emt 0:00:04]} 26. Rxa7 {[%emt
0:00:04]} Rac8 {[%emt 0:00:02]} 27. Ne7+ {[%emt 0:00:09] Utz gibt auf} 1-0

[Event "T-Director's Swiss sytem"]
[Site "playchess.com #662980"]
[Date "2014.03.16"]
[Round "6"]
[White "Schoutenj"]
[Black "Whn"]
[Result "1-0"]
[WhiteElo "1978"]
[BlackElo "1675"]
[PlyCount "67"]
[EventDate "2014.03.16"]
[EventType "swiss (blitz)"]

1. e4 {[%emt 0:00:01]} e5 {[%emt 0:00:01]} 2. Nf3 {[%emt 0:00:04]} Nc6 {[%emt
0:00:01]} 3. d4 {[%emt 0:00:03]} exd4 {[%emt 0:00:01]} 4. Bc4 {[%emt 0:00:02]}
Be7 {[%emt 0:00:02]} 5. Nxd4 {[%emt 0:00:04]} Nxd4 {[%emt 0:00:28]} 6. Qxd4 {
[%emt 0:00:00]} Bf6 {[%emt 0:00:03]} 7. Qd3 {[%emt 0:00:29]} d6 {[%emt 0:00:02]
} 8. Nc3 {[%emt 0:00:03]} Ne7 {[%emt 0:00:08]} 9. Be3 {[%emt 0:00:05]} a6 {
[%emt 0:00:01]} 10. O-O-O {[%emt 0:00:13]} O-O {[%emt 0:00:07]} 11. f3 {[%emt
0:00:02]} Be6 {[%emt 0:00:04]} 12. g4 {[%emt 0:00:05]} Bxc4 {[%emt 0:00:06]}
13. Qxc4 {[%emt 0:00:02]} Bxc3 {[%emt 0:00:08]} 14. Qxc3 {[%emt 0:00:01]} Qc8 {
[%emt 0:00:04]} 15. h4 {[%emt 0:00:04]} Nc6 {[%emt 0:00:04]} 16. g5 {[%emt 0:
00:07]} Qe6 {[%emt 0:00:01]} 17. Kb1 {[%emt 0:00:05]} a5 {[%emt 0:00:05]} 18.
h5 {[%emt 0:00:03]} a4 {[%emt 0:00:01]} 19. Rdg1 {[%emt 0:00:12]} f6 {[%emt 0:
00:12]} 20. gxf6 {[%emt 0:00:02]} Qxf6 {[%emt 0:00:05]} 21. Rxg7+ {[%emt 0:00:
33]} Kh8 {[%emt 0:00:11]} 22. Qxf6 {[%emt 0:00:02]} Rxf6 {[%emt 0:00:02]} 23.
Rxc7 {[%emt 0:00:01]} Rxf3 {[%emt 0:00:32]} 24. Bd2 {[%emt 0:00:01]} Ne5 {
[%emt 0:00:16]} 25. Rxb7 {[%emt 0:00:10]} a3 {[%emt 0:00:13]} 26. Bc3 {[%emt 0:
00:08]} axb2 {[%emt 0:00:03]} 27. Kxb2 {[%emt 0:00:10]} Kg8 {[%emt 0:00:29]}
28. Bxe5 {[%emt 0:00:02]} dxe5 {[%emt 0:00:01]} 29. Rg1+ {[%emt 0:00:02]} Kf8 {
[%emt 0:00:01]} 30. Rxh7 {[%emt 0:00:04]} Rb8+ {[%emt 0:00:06]} 31. Kc1 {[%emt
0:00:01]} Rb5 {[%emt 0:00:10]} 32. h6 {[%emt 0:00:07]} Re3 {[%emt 0:00:04]} 33.
Rc7 {[%emt 0:00:07]} Rh3 {[%emt 0:00:06]} 34. h7 {[%emt 0:00:01] Whn Ñäàåòñÿ}
1-0

[Event "T-Director's Swiss sytem"]
[Site "playchess.com #662980"]
[Date "2014.03.16"]
[Round "3"]
[White "Seewald"]
[Black "Chess-hate"]
[Result "0-1"]
[WhiteElo "1744"]
[BlackElo "1464"]
[PlyCount "140"]
[EventDate "2014.03.16"]
[EventType "swiss (blitz)"]

1. Nc3 {[%emt 0:00:02]} c5 {[%emt 0:00:00]} 2. Nf3 {[%emt 0:00:01]} d5 {[%emt
0:00:02]} 3. e4 {[%emt 0:00:01]} d4 {[%emt 0:00:01]} 4. Ne2 {[%emt 0:00:01]}
Nc6 {[%emt 0:00:01]} 5. Ng3 {[%emt 0:00:01]} e5 {[%emt 0:00:02]} 6. Bc4 {[%emt
0:00:01]} Be7 {[%emt 0:00:03]} 7. O-O {[%emt 0:00:01]} Nf6 {[%emt 0:00:01]} 8.
d3 {[%emt 0:00:01]} O-O {[%emt 0:00:02]} 9. Ng5 {[%emt 0:00:02]} Na5 {[%emt 0:
00:10]} 10. Bb3 {[%emt 0:00:03]} Nxb3 {[%emt 0:00:01]} 11. axb3 {[%emt 0:00:00]
} a6 {[%emt 0:00:01]} 12. f4 {[%emt 0:00:01]} Bg4 {[%emt 0:00:03]} 13. Qe1 {
[%emt 0:00:02]} h6 {[%emt 0:00:02]} 14. Nh3 {[%emt 0:00:01]} Bxh3 {[%emt 0:00:
02]} 15. gxh3 {[%emt 0:00:00]} exf4 {[%emt 0:00:02]} 16. Bxf4 {[%emt 0:00:00]}
Qd7 {[%emt 0:00:01]} 17. Nf5 {[%emt 0:00:04]} Nh7 {[%emt 0:00:11]} 18. Kh1 {
[%emt 0:00:02]} Bg5 {[%emt 0:00:02]} 19. Bxg5 {[%emt 0:00:08]} Nxg5 {[%emt 0:
00:01]} 20. Qg3 {[%emt 0:00:04]} Kh7 {[%emt 0:00:09]} 21. Rg1 {[%emt 0:00:12]}
Rg8 {[%emt 0:00:59]} 22. h4 {[%emt 0:00:16]} Ne6 {[%emt 0:00:07]} 23. Raf1 {
[%emt 0:00:04]} Raf8 {[%emt 0:00:07]} 24. Qd6 {[%emt 0:00:15]} Qe8 {[%emt 0:01:
08]} 25. Rf2 {[%emt 0:00:16]} g5 {[%emt 0:00:02]} 26. h5 {[%emt 0:00:13]} Qd8 {
[%emt 0:00:14]} 27. Qxd8 {[%emt 0:00:30]} Rxd8 {[%emt 0:00:02]} 28. Ne7 {[%emt
0:00:01]} Rgf8 {[%emt 0:00:08]} 29. Nd5 {[%emt 0:00:02]} Kg7 {[%emt 0:00:20]}
30. Rgf1 {[%emt 0:00:07]} b5 {[%emt 0:00:17]} 31. Ra1 {[%emt 0:00:14]} Rd6 {
[%emt 0:00:02]} 32. b4 {[%emt 0:00:18]} f5 {[%emt 0:00:07]} 33. bxc5 {[%emt 0:
00:03]} Nxc5 {[%emt 0:00:02]} 34. b4 {[%emt 0:00:04]} Ne6 {[%emt 0:00:09]} 35.
Rxf5 {[%emt 0:00:14]} Rxf5 {[%emt 0:00:05]} 36. exf5 {[%emt 0:00:00]} Nf4 {
[%emt 0:00:17]} 37. Nc7 {[%emt 0:01:38] .} Rc6 {[%emt 0:00:20]} 38. Nxa6 {
[%emt 0:00:02]} Rxc2 {[%emt 0:00:01]} 39. Nc5 {[%emt 0:00:04]} Kf6 {[%emt 0:00:
09]} 40. Kg1 {[%emt 0:00:13]} Kxf5 {[%emt 0:00:01]} 41. Ra6 {[%emt 0:00:03]}
Nh3+ {[%emt 0:00:06]} 42. Kf1 {[%emt 0:00:02]} Rxh2 {[%emt 0:00:30]} 43. Rxh6 {
[%emt 0:00:01]} g4 {[%emt 0:00:01]} 44. Rh8 {[%emt 0:00:02]} g3 {[%emt 0:00:05]
} 45. Rg8 {[%emt 0:00:06]} Ng5 {[%emt 0:00:02]} 46. h6 {[%emt 0:00:09]} Rxh6 {
[%emt 0:00:02]} 47. Kg2 {[%emt 0:00:01]} Kf4 {[%emt 0:00:04]} 48. Rf8+ {[%emt
0:00:02]} Kg4 {[%emt 0:00:02]} 49. Rg8 {[%emt 0:00:08]} Rh2+ {[%emt 0:00:02]}
50. Kg1 {[%emt 0:00:01]} Rb2 {[%emt 0:00:02]} 51. Ne4 {[%emt 0:00:02]} Rb1+ {
[%emt 0:00:05]} 52. Kg2 {[%emt 0:00:01]} Rb2+ {[%emt 0:00:01]} 53. Kg1 {[%emt
0:00:02]} Rb1+ {[%emt 0:00:01]} 54. Kg2 {[%emt 0:00:03]} Rb2+ {[%emt 0:00:01]}
55. Kf1 {[%emt 0:00:01]} Rb1+ {[%emt 0:00:03]} 56. Ke2 {[%emt 0:00:01]} g2 {
[%emt 0:00:02]} 57. Rxg5+ {[%emt 0:00:02]} Kh3 {[%emt 0:00:01]} 58. Rg3+ {
[%emt 0:00:02]} Kh2 {[%emt 0:00:01]} 59. Rxg2+ {[%emt 0:00:10]} Kxg2 {[%emt 0:
00:01]} 60. Nd6 {[%emt 0:00:00]} Rxb4 {[%emt 0:00:02]} 61. Nf5 {[%emt 0:00:02]}
Kh3 {[%emt 0:00:02]} 62. Kf3 {[%emt 0:00:01]} Rb1 {[%emt 0:00:02]} 63. Ke4 {
[%emt 0:00:00]} b4 {[%emt 0:00:01]} 64. Kxd4 {[%emt 0:00:01]} b3 {[%emt 0:00:
01]} 65. Kc3 {[%emt 0:00:01]} b2 {[%emt 0:00:02]} 66. Kc2 {[%emt 0:00:01]} Rf1
{[%emt 0:00:03]} 67. Kxb2 {[%emt 0:00:01]} Rxf5 {[%emt 0:00:01]} 68. Kc3 {
[%emt 0:00:00]} Kg4 {[%emt 0:00:01]} 69. Kc4 {[%emt 0:00:01]} Kf4 {[%emt 0:00:
01]} 70. d4 {[%emt 0:00:00]} Ke4 {[%emt 0:00:01] Seewald geeft op} 0-1

[Event "T-Director's Swiss sytem"]
[Site "playchess.com #662980"]
[Date "2014.03.16"]
[Round "2"]
[White "Seewald"]
[Black "Holzpferdchen"]
[Result "1-0"]
[WhiteElo "1739"]
[BlackElo "1426"]
[PlyCount "87"]
[EventDate "2014.03.16"]
[EventType "swiss (blitz)"]

1. Nc3 {[%emt 0:00:02]} c5 {[%emt 0:00:18]} 2. Nf3 {[%emt 0:00:03]} Nc6 {[%emt
0:00:03]} 3. d4 {[%emt 0:00:02]} cxd4 {[%emt 0:00:02]} 4. Nxd4 {[%emt 0:00:00]}
Nf6 {[%emt 0:00:05]} 5. Bg5 {[%emt 0:00:03]} e6 {[%emt 0:00:03]} 6. Ndb5 {
[%emt 0:00:02]} d5 {[%emt 0:00:05]} 7. Bf4 {[%emt 0:00:01]} e5 {[%emt 0:00:09]}
8. Bg5 {[%emt 0:00:01]} d4 {[%emt 0:00:08]} 9. Nd5 {[%emt 0:00:07]} Bd6 {[%emt
0:00:12]} 10. e4 {[%emt 0:00:11]} a6 {[%emt 0:00:09]} 11. Nxd6+ {[%emt 0:00:07]
} Qxd6 {[%emt 0:00:01]} 12. Bxf6 {[%emt 0:00:13]} gxf6 {[%emt 0:00:03]} 13. Qf3
{[%emt 0:00:04]} f5 {[%emt 0:00:29]} 14. O-O-O {[%emt 0:00:13]} Nb4 {[%emt 0:
00:17]} 15. Nxb4 {[%emt 0:00:07]} Qxb4 {[%emt 0:00:02]} 16. exf5 {[%emt 0:00:
03]} Bd7 {[%emt 0:00:10]} 17. Qd5 {[%emt 0:00:12]} f6 {[%emt 0:00:11]} 18. Bc4
{[%emt 0:00:02]} O-O-O {[%emt 0:00:05]} 19. a3 {[%emt 0:00:03]} Qb6 {[%emt 0:
00:09]} 20. Bb3 {[%emt 0:00:17]} Bxf5 {[%emt 0:00:10]} 21. Qc4+ {[%emt 0:00:02]
} Kb8 {[%emt 0:00:02]} 22. Qb4 {[%emt 0:00:10]} Qc6 {[%emt 0:00:20]} 23. f3 {
[%emt 0:00:09]} Rc8 {[%emt 0:00:04]} 24. Rd2 {[%emt 0:00:02]} Rhg8 {[%emt 0:00:
13]} 25. g4 {[%emt 0:00:01]} Bg6 {[%emt 0:00:05]} 26. h4 {[%emt 0:00:02]} h5 {
[%emt 0:00:07]} 27. Bxg8 {[%emt 0:00:01]} Rf8 {[%emt 0:00:05]} 28. Bb3 {[%emt
0:00:06]} hxg4 {[%emt 0:00:02]} 29. fxg4 {[%emt 0:00:01]} Qxh1+ {[%emt 0:00:03]
} 30. Rd1 {[%emt 0:00:01]} Qxh4 {[%emt 0:00:23]} 31. Qxf8+ {[%emt 0:00:02]} Ka7
{[%emt 0:00:03]} 32. Qc8 {[%emt 0:00:07]} Qxg4 {[%emt 0:00:03]} 33. Qxg4 {
[%emt 0:00:02]} Be8 {[%emt 0:00:11]} 34. Rxd4 {[%emt 0:00:06]} exd4 {[%emt 0:
00:13]} 35. Qxd4+ {[%emt 0:00:00]} b6 {[%emt 0:00:10]} 36. Qxf6 {[%emt 0:00:03]
} Bb5 {[%emt 0:00:17]} 37. Qe7+ {[%emt 0:00:02]} Kb8 {[%emt 0:00:20]} 38. Bd5 {
[%emt 0:00:03]} Kc8 {[%emt 0:00:07]} 39. c4 {[%emt 0:00:01]} Bd7 {[%emt 0:00:
06]} 40. Be6 {[%emt 0:00:03]} Bxe6 {[%emt 0:00:12]} 41. Qxe6+ {[%emt 0:00:00]}
Kc7 {[%emt 0:00:05]} 42. b4 {[%emt 0:00:01]} Kd8 {[%emt 0:00:15]} 43. c5 {
[%emt 0:00:00]} bxc5 {[%emt 0:00:07]} 44. bxc5 {[%emt 0:00:00] Zeit} 1-0

[Event "T-Director's Swiss sytem"]
[Site "playchess.com #662980"]
[Date "2014.03.16"]
[Round "7"]
[White "Seewald"]
[Black "LarsvanSchooten"]
[Result "1/2-1/2"]
[WhiteElo "1738"]
[BlackElo "1684"]
[PlyCount "97"]
[EventDate "2014.03.16"]
[EventType "swiss (blitz)"]

1. Nc3 {[%emt 0:00:12]} c5 {[%emt 0:00:02]} 2. Nf3 {[%emt 0:00:06]} Nc6 {[%emt
0:00:01]} 3. d4 {[%emt 0:00:01]} cxd4 {[%emt 0:00:02]} 4. Nxd4 {[%emt 0:00:00]}
g6 {[%emt 0:00:02]} 5. Be3 {[%emt 0:00:01]} Bg7 {[%emt 0:00:01]} 6. h3 {[%emt
0:00:01]} Nf6 {[%emt 0:00:01]} 7. Qd2 {[%emt 0:00:01]} O-O {[%emt 0:00:08]} 8.
O-O-O {[%emt 0:00:04]} Qa5 {[%emt 0:00:03]} 9. Nb3 {[%emt 0:00:02]} Qc7 {[%emt
0:00:05]} 10. g4 {[%emt 0:00:02]} a5 {[%emt 0:00:17]} 11. g5 {[%emt 0:00:05]}
Ne8 {[%emt 0:00:14]} 12. Nd5 {[%emt 0:00:02]} Qe5 {[%emt 0:00:17]} 13. c3 {
[%emt 0:00:01]} d6 {[%emt 0:00:09]} 14. Bg2 {[%emt 0:00:15]} a4 {[%emt 0:00:03]
} 15. Bf4 {[%emt 0:00:11]} axb3 {[%emt 0:00:16]} 16. Bxe5 {[%emt 0:00:06]} bxa2
{[%emt 0:00:03]} 17. Kc2 {[%emt 0:00:01]} Nxe5 {[%emt 0:00:21]} 18. Nb6 {[%emt
0:00:03]} Bf5+ {[%emt 0:00:06]} 19. e4 {[%emt 0:00:02]} Ra6 {[%emt 0:00:12]}
20. exf5 {[%emt 0:00:19]} Rxb6 {[%emt 0:00:06]} 21. Ra1 {[%emt 0:00:02]} Nc4 {
[%emt 0:00:31]} 22. Qd5 {[%emt 0:00:37]} Rxb2+ {[%emt 0:00:10]} 23. Kc1 {[%emt
0:00:01]} b5 {[%emt 0:00:18]} 24. Qxc4 {[%emt 0:00:09]} Rb1+ {[%emt 0:00:11]}
25. Rxb1 {[%emt 0:00:02]} axb1=Q+ {[%emt 0:00:01]} 26. Kxb1 {[%emt 0:00:00]}
bxc4 {[%emt 0:00:01]} 27. Kc2 {[%emt 0:00:00]} gxf5 {[%emt 0:00:04]} 28. Ra1 {
[%emt 0:00:02]} Nc7 {[%emt 0:00:01]} 29. Ra7 {[%emt 0:00:01]} Rc8 {[%emt 0:00:
06]} 30. Bb7 {[%emt 0:00:02]} Rb8 {[%emt 0:00:09]} 31. Bf3 {[%emt 0:00:01]} Nb5
{[%emt 0:00:10]} 32. Rxe7 {[%emt 0:00:03]} Nxc3 {[%emt 0:00:04]} 33. h4 {[%emt
0:00:02]} d5 {[%emt 0:00:02]} 34. h5 {[%emt 0:00:01]} h6 {[%emt 0:00:03]} 35.
gxh6 {[%emt 0:00:04]} Bf6 {[%emt 0:00:01]} 36. h7+ {[%emt 0:00:04]} Kxh7 {
[%emt 0:00:06]} 37. Rxf7+ {[%emt 0:00:01]} Bg7 {[%emt 0:00:09]} 38. h6 {[%emt
0:00:01]} Ne4 {[%emt 0:00:12]} 39. Bxe4 {[%emt 0:00:17]} fxe4 {[%emt 0:00:09]
LarsvanSchooten doet een remise aanbod} 40. hxg7 {[%emt 0:00:02]} Kg8 {[%emt 0:
00:08]} 41. Rd7 {[%emt 0:00:03]} Rb5 {[%emt 0:00:04]} 42. Kc3 {[%emt 0:00:02]}
Rb3+ {[%emt 0:00:01]} 43. Kd4 {[%emt 0:00:01]} Rd3+ {[%emt 0:00:01]} 44. Ke5 {
[%emt 0:00:01]} Rf3 {[%emt 0:00:06]} 45. Kxd5 {[%emt 0:00:03]} Rxf2 {[%emt 0:
00:04]} 46. Kxe4 {[%emt 0:00:01]} Rf7 {[%emt 0:00:01]} 47. Rxf7 {[%emt 0:00:05]
} Kxf7 {[%emt 0:00:01]} 48. Kd4 {[%emt 0:00:00]} Kxg7 {[%emt 0:00:00]} 49. Kxc4
{[%emt 0:00:01]} 1/2-1/2